| 000 | 00448nam a2200133Ia 4500 | ||
|---|---|---|---|
| 008 | 250506s9999 xx 000 0 und d | ||
| 024 | _a02A-04-EE & 02A-07-EE | ||
| 082 | _a621.38215072 SYE | ||
| 100 | _aSyed Zeeshan Alam & M. Arsalan Aslam | ||
| 245 | 0 | _aControlling and Monitoring Concentration of Finish Oil in Emulsified Water | |
| 260 |
_aKarachi: _bUIT, _c2002 |
||
| 600 | _aElectronic Engineering | ||
| 650 | _aBachelor of Engineering (BE) | ||
| 999 |
_c28129 _d28129 |
||